000 00976nam a22002537a 4500
003 DO-SdBNP
005 20220824105235.0
007 ta
008 210916e2012 dr a|||grc||| 00| 0 spa d
040 _aDO-SdBNP
_bspa
_cBNPHU
082 4 _222
_bM311n
245 1 2 _aMaravillas naturales de nuestra tierra /
_cJosé Manuel Mateo, César Amado Martínez, Nilba Pérez, Carmen Ligia Barceló; Carlos de Soto Molinares, Margarita Mora, Mayo Rodríguez, fotogr.
260 _aSanto Domingo :
_bAmigos del Hogar,
_c2012
300 _a181 p:
_bil.;
_c37 cm
590 _aInventariado 2021 / MF
700 1 2 _973460
_aMateo Féliz, José Manuel
_d1947-
700 1 2 _aAmado Martínez, César
_979915
700 1 2 _aPérez, Nilba.
_979916
700 2 _977985
_aBarceló, Carmen Ligia
700 1 2 _aSoto Molinares , Carmen, de,
_efotogr.
_979917
700 1 2 _aRodríguez, Mayo,
_efotogr.
_979918
710 1 0 _aMinisterio de Medio Ambiente y Recursos Naturales
_976380
942 _2ddc
_cLBS1
999 _c50543
_d50543